Statistics for Countries with the most debt

Click here to take the quiz!

General Stats

  • This quiz has been taken 13 times
  • The average score is 4 of 10

Answer Stats

Percent of GDPCountry% Correct
235% of GDPJapan
82%
128% of GDPBelgium
45%
156% of GDPItaly
45%
119% of GDPUnited Kingdom
45%
127% of GDPUnited States of America
45%
123% of GDPFrance
36%
188% of GDPGreece
36%
114% of GDPCanada
27%
146% of GDPPortugal
27%
117% of GDPSpain
27%

Score Distribution

Percentile by Number Answered

Percent of People with Each Score

Your Score History

You have not taken this quiz